|
|
|
|
| LEADER |
01041nam a22002777a 4500 |
| 001 |
8423 |
| 003 |
BD-DhAAL |
| 005 |
20230307103339.0 |
| 008 |
160510m20021995bg ||||| |||| 00| 0 ben d |
| 020 |
|
|
|a 9844460194
|
| 040 |
|
|
|a BD-DhAAL
|c BD-DhAAL
|
| 041 |
|
|
|a ben
|
| 082 |
|
|
|a 891.4414
|
| 100 |
|
|
|a ঠাকুর, রবীন্দ্রনাথ
|9 19518
|
| 245 |
|
|
|a গীতবিতান /
|c রবীন্দ্রনাথ ঠাকুর
|
| 260 |
|
|
|a ঢাকা :
|b প্রতীক প্রকাশনী,
|c ২০০২.
|
| 300 |
|
|
|a ৭০৬ পৃষ্ঠা ;
|c ২২ সে.মি.
|
| 541 |
|
|
|e 8423
|
| 600 |
|
|
|a Tagore, Rabindranath,
|d 1861-1941.
|
| 650 |
|
|
|a Songs, Bengali.
|9 19519
|
| 650 |
|
|
|a Bengali poetry.
|
| 650 |
|
|
|a Bengali literature.
|
| 852 |
|
|
|a Ayesha Abed Library
|c General Stacks
|
| 942 |
|
|
|2 ddc
|c BK
|
| 999 |
|
|
|c 37551
|d 37551
|
| 952 |
|
|
|0 0
|1 0
|2 ddc
|4 0
|6 891_441400000000000_TAG
|7 0
|9 58966
|a SCL
|b SCL
|c GEN
|d 2016-05-10
|g 250.00
|l 3
|m 5
|o 891.4414 TAG
|p 3020008423
|r 2017-11-23
|s 2017-11-07
|t 1
|w 2016-05-10
|y BK
|